[Event "FRA-chT Top 12 2019"]
[Site "Brest"]
[Date "2019.05.24"]
[Round "7.3"]
[White "Landa, Konstantin"]
[Black "Istratescu, Andrei"]
[Result "1/2-1/2"]
[WhiteElo "2622"]
[BlackElo "2555"]
[Annotator "RC"]
[PlyCount "33"]
[EventDate "2019.05.18"]
[EventType "team-tourn"]
[EventCountry "FRA"]
[SourceTitle "playchess.com"]
[Source "ChessBase"]
[SourceQuality "1"]
[TimeControl "40/5400+30:1800+30"]

1. d4 {[%emt 0:00:56]} Nf6 {[%emt 0:00:12]} 2. Nf3 {[%emt 0:00:16]} e6 {[%emt 0:00:15]} 3. c4 {[%emt 0:00:17]} d5 {[%emt 0:00:04]} 4. g3 {[%emt 0:00:42]} Be7 {[%emt 0:00:44]} 5. Bg2 {[%emt 0:00:31]} O-O {[%emt 0:00:24]} 6. Nc3 {[%emt 0:00:51]} Nbd7 {[%emt 0:05:06]} 7. b3 {[%emt 0:08:52]} c6 {[%emt 0:09:48]} 8. O-O {[%emt 0:03:03]} b6 {[%emt 0:00:21]} 9. Bb2 {[%emt 0:15:19]} Ba6 {[%emt 0:04:34]} 10. Nd2 {[%emt 0:01:57]} Rc8 {[%emt 0:04:35]} 11. a4 {[%emt 0:10:58]} Bb4 {[%emt 0:06:55]} 12. e4 {[%emt 0:07:45]} c5 {[%emt 0:03:04]} 13. exd5 {[%emt 0:01:56]} Bxc3 {[%emt 0:00:43]} 14. Bxc3 {[%emt 0:03:00]} exd5 {[%emt 0:00:34]} 15. a5 {[%emt 0:02:40]} cxd4 {[%emt 0:04:35]} 16. Bxd4 {[%emt 0:00:28]} bxa5 {[%emt 0:00:17]} 17. Re1 {[%emt 0:05:12]} 1/2-1/2

[Event "FRA-chT Top 12 2019"]
[Site "Brest"]
[Date "2019.05.24"]
[Round "7.3"]
[White "Van Wely, Loek"]
[Black "Vallin, Guillaume"]
[Result "1-0"]
[WhiteElo "2600"]
[BlackElo "2389"]
[Annotator "TA"]
[PlyCount "51"]
[EventDate "2019.05.18"]
[EventType "team-tourn"]
[EventCountry "FRA"]
[SourceTitle "playchess.com"]
[Source "ChessBase"]
[SourceQuality "1"]

{[%evp 9,59,29,18,24,47,5,5,5,5,0,0,10,14,0,0,0,0,0,0,-16,20,14,47,57,49,48,61,43,41,44,117,108,132,112,139,128,152,133,166,107,375,350,435,435,622,615,806,719,1626,1556,1639,1346]} 1. d4 e6 2. c4 d5 3. Nf3 a6 4. cxd5 exd5 5. Nc3 c6 (5... h6 6. Bf4 Nf6 7. e3 Bd6 8. Bxd6 Qxd6 9. Qc2 O-O 10. Bd3 Re8 11. h3 Be6 12. O-O Nbd7 13. a4 {½-½ (40) Shankland,S (2725)-Carlsen,M (2835) Wijk aan Zee 2019}) 6. Bf4 {D31: Queen's Gambit Declined: Semi-Slav without ...Nf6 (+ Marshall Gambit and Noteboom) and Exchange Variation lines without ...Nf6} Bd6 7. Bg3 Ne7 8. e3 {The position is equal.} Nf5 9. Qc2 $146 ({Predecessor:} 9. Bd3 Nxg3 10. hxg3 h6 11. Qc2 a5 12. Ne2 Na6 {0-1 (41) Khairullin,I (2658)-Ponkratov,P (2605) Khanty-Mansiysk 2013}) 9... Nxg3 10. hxg3 h6 11. O-O-O Be6 12. e4 Nd7 13. e5 Be7 14. Nh4 Nf8 15. f4 Bg4 16. Be2 $36 {[%mdl 2048] White fights for an advantage.} Bxe2 17. Nxe2 Ne6 18. Nf3 Qa5 19. Kb1 Nc7 ({Better is} 19... Qc7 $14) 20. g4 $16 Qb4 21. Rc1 a5 22. g5 a4 23. a3 Qb6 24. Ka1 (24. g6 $18) 24... Ra5 $2 {[%mdl 8192] [#]} (24... Qb3 $16 {is a better defense.}) 25. f5 Rb5 {Now ...Rb3 and Black clings on.} 26. f6 {Played: Ne2-c3} 1-0

[Event "FRA-chT Top 12 2019"]
[Site "Brest"]
[Date "2019.05.24"]
[Round "7.3"]
[White "Santos Ruiz, Miguel"]
[Black "Eljanov, Pavel"]
[Result "1/2-1/2"]
[WhiteElo "2549"]
[BlackElo "2661"]
[Annotator "TA"]
[PlyCount "29"]
[EventDate "2019.05.18"]
[EventType "team-tourn"]
[EventCountry "FRA"]
[SourceTitle "playchess.com"]
[Source "ChessBase"]
[SourceQuality "1"]

{[%evp 11,29,15,18,13,22,9,27,21,20,7,14,14,16,20,36,31,31,33,40,27]} 1. e4 c6 2. d4 d5 3. exd5 cxd5 4. Bd3 Nf6 5. c3 Bg4 6. Qb3 Qc7 7. h3 {B13: Caro-Kann: Exchange Variation and Panov-Botvinnik Attack} Bh5 8. Ne2 (8. g4 Bg6 9. Bxg6 hxg6 10. g5 Nfd7 11. Qxd5 e5 12. Ne2 Nc6 13. Be3 Nb6 14. Qe4 O-O-O {0-1 (44) Tukhaev,A (2542)-Mchedlishvili,M (2608) Ankara 2018}) 8... Nc6 9. Bf4 {White has an edge.} Qd7 10. O-O e6 11. Re1 Be7 12. Nd2 O-O 13. Bg3 $146 {White is slightly better.} ({Predecessor:} 13. Ng3 Bg6 14. Bxg6 hxg6 {0-1 (74) Beckmann,K (2153)-Knechtel,R (2264) Prague 2015}) 13... Bd6 14. Nf4 Rab8 15. a4 1/2-1/2

[Event "FRA-chT Top 12 2019"]
[Site "Brest"]
[Date "2019.05.24"]
[Round "7.3"]
[White "Praggnanandhaa R"]
[Black "Naiditsch, Arkadij"]
[Result "1/2-1/2"]
[WhiteElo "2536"]
[BlackElo "2682"]
[Annotator "TA"]
[PlyCount "112"]
[EventDate "2019.05.18"]
[EventType "team-tourn"]
[EventCountry "FRA"]
[SourceTitle "playchess.com"]
[Source "ChessBase"]
[SourceQuality "1"]

{[%evp 16,112,6,13,8,13,50,47,49,30,32,30,37,37,41,28,42,42,41,12,10,18,30,29,33,26,20,8,8,20,13,10,45,0,0,0,0,0,0,-8,-8,-8,-8,-27,-38,-30,-21,-51,-9,-9,-11,-18,-18,-18,-18,-18,-18,-18,-18,-28,-18,-18,-18,-18,-8,-8,-8,-8,-8,-8,-8,-11,-8,-11,-8,-8,-8,-11,-8,-18,-8,-8,-11,-11,-11,-11,0,-22,-22,-37,-22,-30,-29,-44,-44,-44,-44,-60,0]} 1. e4 e5 2. Nf3 Nc6 3. Bb5 Nf6 4. O-O Nxe4 5. Re1 Nd6 6. Nxe5 Be7 7. Bf1 Nxe5 8. Rxe5 O-O 9. d4 Ne8 {C67: Ruy Lopez: Berlin Defence: 4 0-0 Nxe4} (9... Bf6 10. Re1 Re8 11. c3 Rxe1 12. Qxe1 Ne8 13. d5 c6 14. Qd1 b6 15. Bf4 Bb7 16. dxc6 dxc6 17. Nd2 c5 18. Nc4 Qxd1 19. Rxd1 {½-½ (40) Anand,V (2774)-Caruana,F (2819) Karlsruhe/Baden Baden 2019}) 10. c4 d6 11. Re1 Bg5 $146 {White is slightly better.} ({Predecessor:} 11... c6 12. Nc3 Nc7 13. d5 cxd5 14. Nxd5 Nxd5 15. Qxd5 Bf6 16. Rb1 Be5 17. Be3 {0-1 (50) Vutov,M (2341)-Petkov,V (2506) Plovdiv 2011}) 12. Nc3 Bxc1 13. Rxc1 Nf6 14. Qf3 Rb8 15. h3 Bd7 16. b4 Re8 17. c5 Rxe1 18. Rxe1 dxc5 19. dxc5 Be6 20. Rd1 Qe7 21. Qg3 Rd8 22. Rxd8+ Qxd8 23. Nb5 (23. Qf4 {keeps more tension.} h6 24. a4 b6 25. Nb5 Nd5 26. Qd4) 23... Bxa2 (23... c6 {seems wilder.} 24. Nd6 b6 25. Qf3 bxc5 26. bxc5 Bd5) 24. Qxc7 (24. Nxc7 {is more complex.} a6 25. Be2 Nd5 26. Nxd5 Bxd5 27. Qf4) 24... Qxc7 25. Nxc7 $11 {[%mdl 4096] Endgame KBN-KBN} Kf8 26. g4 Ke7 27. Nb5 Nd5 {White should prevent ...a6.} 28. Nxa7 Nxb4 29. Nb5 Bd5 30. Nd4 g5 31. h4 gxh4 32. Kh2 Be4 33. Kh3 Kf6 34. Kxh4 Ke5 35. Nb5 Bd3 36. Bxd3 Nxd3 {KN-KN} 37. Kh5 $1 Kd5 ({Don't take} 37... Nxc5 38. Kh6 $17) 38. f3 Kxc5 39. Na3 Kd5 40. Kh6 Ne5 41. Kxh7 Nxf3 42. Kg7 Ke6 43. Nb5 Ng5 44. Nd4+ Ke5 45. Nb5 f6 {With the idea ...Ne4.} 46. Nc3 Nh3 {[#] And now ...Nf2 would win.} 47. Kg6 Nf2 48. Kh5 $1 Ne4 49. Nb5 Nd6 50. Nc7 Ne4 {Hoping for ...Kd6.} 51. Nb5 Kf4 {Black wants to play ...Nf2.} 52. Nc7 Nc5 53. Kg6 Nd7 54. Kf7 Ke5 {Black is slightly better.} 55. Kg6 Nc5 56. Nb5 Ne4 {Accuracy: White = 71%, Black = 69%.} (56... Ne6 $15) 1/2-1/2

[Event "FRA-chT Top 12 2019"]
[Site "Brest"]
[Date "2019.05.24"]
[Round "7.3"]
[White "Cossin, Sebastien"]
[Black "Hamitevici, Vladimir"]
[Result "0-1"]
[WhiteElo "2494"]
[BlackElo "2476"]
[Annotator "TA"]
[PlyCount "80"]
[EventDate "2019.05.18"]
[EventType "team-tourn"]
[EventCountry "FRA"]
[SourceTitle "playchess.com"]
[Source "ChessBase"]
[SourceQuality "1"]

{[%evp 12,80,7,-5,17,19,40,38,36,22,61,17,22,18,14,21,39,0,-14,-24,1,-29,0,-5,15,-18,-18,-29,10,0,6,21,29,40,37,0,0,0,0,0,0,0,0,0,0,0,0,0,21,15,16,22,91,95,167,146,171,0,0,0,18,-718,-716,-694,-694,-613,-606,-607,-588,-679,-520]} 1. d4 Nf6 2. c4 e6 3. Nf3 b6 4. Nc3 Bb4 5. Bg5 h6 ({Predecessor:} 5... Bb7 6. Nd2 Nc6 7. e3 h6 {½-½ (34) Tarasova,V (2294)-Galojan,L (2366) Moscow 2012}) 6. Bh4 Bb7 7. Nd2 Nc6 $146 {E13: Queen's Indian/Nimzo-Indian hybrid: 4 Nc3 Bb7 5 Bg5 h6 6 Bh4 Bb4} (7... Qe7 8. Qc2 c5 9. a3 Bxc3 10. Qxc3 cxd4 11. Qxd4 Nc6 12. Qc3 Rc8 13. e3 O-O 14. Rd1 d5 15. Bxf6 gxf6 16. cxd5 {0-1 (31) Jobava,B (2701)-Carlsen,M (2838) chess.com INT 2017}) 8. e3 Ne7 9. Bxf6 gxf6 {White is slightly better.} 10. Qb3 c5 11. a3 Bxc3 $1 12. Qxc3 cxd4 13. Qxd4 Nf5 14. Qd3 (14. Qc3 $14) 14... Qc7 $11 15. e4 Ne7 16. g3 f5 17. Bg2 f4 18. O-O-O Ng6 19. Kb1 Rc8 20. Rc1 Ke7 21. Nf3 Ne5 22. Nxe5 Qxe5 23. Rhe1 h5 24. Qd2 fxg3 $1 25. hxg3 h4 26. Rcd1 $36 {[%mdl 2048] White is more active.} Bc6 27. f4 Qc5 28. gxh4 Rxh4 29. e5 Rh2 30. Re2 $1 Ba4 31. Rc1 Bb3 (31... Rg8 $11) 32. f5 $1 $16 Rh5 (32... exf5 $16 33. Qf4 Bxc4) 33. f6+ Kd8 {[#]} 34. Re4 $2 (34. Bb7 $1 $18 {[%cal Rb7c8]} Rxe5 35. Bxc8 Kxc8 36. Rxe5 Qxe5 {[#]} 37. c5 $1 {[%mdl 512]}) 34... Rxe5 $11 35. Rd4 $1 {[%cal Rd4d7]} d5 36. Rc3 $2 {[%mdl 8192] [#]} (36. Qf4 $11 Rf5 37. Qg4) 36... Qxd4 $1 $19 {[%mdl 576] Deflection. Black is clearly winning.} 37. Qxd4 Re1+ 38. Rc1 Rxc1+ 39. Kxc1 {Strongly threatening Qe5.} Rxc4+ {[%mdl 64] Double Attack} 40. Qc3 Kc7 {Accuracy: White = 63%, Black = 49%.} 0-1

[Event "FRA-chT Top 12 2019"]
[Site "Brest"]
[Date "2019.05.24"]
[Round "7.4"]
[White "Fressinet, Laurent"]
[Black "Bressac, Stephane"]
[Result "1-0"]
[WhiteElo "2640"]
[BlackElo "2358"]
[Annotator "TA"]
[PlyCount "82"]
[EventDate "2019.05.18"]
[EventType "team-tourn"]
[EventCountry "FRA"]
[SourceTitle "playchess.com"]
[Source "ChessBase"]
[SourceQuality "1"]

{[%evp 16,82,34,33,41,37,47,24,17,14,13,25,32,21,27,23,27,27,27,34,21,19,17,15,43,43,45,46,44,47,70,57,72,62,63,55,62,63,70,61,77,43,111,80,100,95,92,94,127,139,137,133,131,99,203,212,331,329,338,335,607,563,615,600,602,603,587,577,714]} 1. e4 d6 2. d4 Nf6 3. Nc3 e5 4. Nf3 Nbd7 5. Bc4 Be7 6. O-O O-O ({Predecessor:} 6... c6 7. a4 a5 8. Re1 O-O {1-0 (48) Koelewijn,A-De Visser,A (1993) ICCF email 2015}) 7. a4 c6 8. h3 a5 9. Re1 Nb6 {C41: Philidor Defence} 10. Ba2 Nfd7 11. dxe5 $146 (11. Be3 exd4 12. Bxd4 Nc5 13. Bxc5 dxc5 14. Qe2 Qd6 15. Rad1 Qg6 16. Ne5 Qg5 17. Nf3 Qg6 18. Ne5 Qg5 19. Nf3 Qg6 20. Ne5 Qg5 {½-½ (20) Fressinet,L (2650)-Ponomariov,R (2663) Germany 2019}) 11... dxe5 {White has an edge.} 12. Be3 Qc7 13. Ng5 Nf6 14. Qd3 {[#] Threatens to win with Bxf7+.} Nh5 $1 15. Nf3 Nd7 16. Qc4 Nb6 $1 {[%cal Rb6c4]} 17. Qe2 Nd7 18. Rad1 Nc5 $1 19. Ng5 Nf4 20. Bxf4 $1 exf4 21. Qh5 $36 {[%csl Gg5][%cal Rh5h7][%mdl 2048] White fights for an advantage.} Bxg5 $1 22. Qxg5 Qb6 23. Qxf4 Be6 24. Bxe6 Nxe6 25. Qc1 Qb4 26. Re3 Rad8 27. b3 Rfe8 28. e5 Nc5 (28... Rxd1+ $14 29. Qxd1 Rd8) 29. Rde1 b5 30. axb5 cxb5 31. Rd1 a4 32. Nd5 {[%cal Bc3d5,Bd5b6,Bb6a4][%mdl 32]} Qh4 33. bxa4 bxa4 34. c4 Nb3 {[#]} (34... Kh8 $16 {keeps fighting.}) 35. Qc3 $1 $18 {Hoping for c5.} Rc8 (35... Nc5 $142 36. Qb4 Rc8) 36. Nb6 Rcd8 37. Rd5 Qh5 $2 (37... Rxd5 38. cxd5 h6) 38. g4 {White is clearly winning.} Qg6 39. Nxa4 Qb1+ 40. Kg2 Rb8 41. Rb5 Ra8 {Accuracy: White = 76%, Black = 50%.} 1-0

[Event "FRA-chT Top 12 2019"]
[Site "Brest"]
[Date "2019.05.24"]
[Round "7.4"]
[White "Stevic, Hrvoje"]
[Black "Hera, Imre Jr."]
[Result "1-0"]
[WhiteElo "2580"]
[BlackElo "2611"]
[Annotator "RC"]
[PlyCount "85"]
[EventDate "2019.05.18"]
[EventType "team-tourn"]
[EventCountry "FRA"]
[SourceTitle "playchess.com"]
[Source "ChessBase"]
[SourceQuality "1"]
[TimeControl "40/5400+30:1800+30"]

1. e4 {[%emt 0:00:00]} c6 {[%emt 0:00:05]} 2. d4 {[%emt 0:00:00]} d5 {[%emt 0:00:06]} 3. Nc3 {[%emt 0:00:00]} dxe4 {[%emt 0:00:08]} 4. Nxe4 {[%emt 0:00:07]} Bf5 {[%emt 0:00:52]} 5. Ng3 {[%emt 0:00:11]} Bg6 {[%emt 0:00:07]} 6. Nh3 {[%emt 0:00:46]} Nf6 {[%emt 0:00:23]} 7. Nf4 {[%emt 0:00:46]} e5 {[%emt 0:00:24]} 8. dxe5 {[%emt 0:00:29]} Qa5+ {[%emt 0:00:06]} 9. c3 {[%emt 0:00:12]} Qxe5+ {[%emt 0:00:06]} 10. Be2 {[%emt 0:00:07]} Nbd7 {[%emt 0:00:13]} 11. O-O {[%emt 0:00:37]} O-O-O {[%emt 0:01:15]} 12. Qa4 {[%emt 0:00:20]} Bc5 {[%emt 0:00:05]} 13. Nd3 {[%emt 0:00:12]} Bxd3 {[%emt 0:00:05]} 14. Bxd3 {[%emt 0:00:06]} Nb6 {[%emt 0:00:25]} 15. Qc2 {[%emt 0:00:12]} Nbd5 {[%emt 0:00:33]} 16. Bd2 {[%emt 0:01:12]} Nf4 {[%emt 0:21:33]} 17. Bf5+ {[%emt 0:01:15]} Kb8 {[%emt 0:00:04]} 18. b4 {[%emt 0:01:47]} Bb6 {[%emt 0:03:43]} 19. c4 {[%emt 0:00:49]} Bd4 {[%emt 0:16:11]} 20. Rae1 {[%emt 0:00:16]} Qc7 {[%emt 0:04:07]} 21. b5 {[%emt 0:20:56]} g5 {[%emt 0:09:12]} 22. Ne4 {[%emt 0:18:11]} cxb5 {[%emt 0:04:31]} 23. g3 {[%emt 0:07:56]} N4d5 {[%emt 0:06:47]} 24. Nxf6 {[%emt 0:09:28]} Nxf6 {[%emt 0:00:02]} 25. Bxg5 {[%emt 0:08:07]} Qxc4 {[%emt 0:00:14]} 26. Re7 {[%emt 0:00:43]} Rd5 {[%emt 0:07:21]} 27. Rxf7 {[%emt 0:15:44]} Qxc2 {[%emt 0:20:16]} 28. Bf4+ {[%emt 0:00:11]} Ka8 {[%emt 0:00:07]} 29. Bxc2 {[%emt 0:00:07]} a6 {[%emt 0:01:45]} 30. Rd1 {[%emt 0:04:27]} Ng4 {[%emt 0:00:45]} 31. Kg2 {[%emt 0:02:49]} Nxf2 {[%emt 0:00:55]} 32. Rxd4 {[%emt 0:02:28]} Rxd4 {[%emt 0:00:02]} 33. Kxf2 {[%emt 0:00:05]} Rhd8 {[%emt 0:00:54]} 34. Kf3 {[%emt 0:01:41]} R4d7 {[%emt 0:00:33]} 35. Rxh7 {[%emt 0:01:49]} Rxh7 {[%emt 0:00:05]} 36. Bxh7 {[%emt 0:00:05]} Rh8 {[%emt 0:00:03]} 37. Bf5 {[%emt 0:00:35]} Rxh2 {[%emt 0:00:03]} 38. Be6 {[%emt 0:00:04]} a5 {[%emt 0:01:27]} 39. g4 {[%emt 0:00:08]} Rh7 {[%emt 0:01:02]} 40. g5 {[%emt 0:00:10]} Rg7 {[%emt 0:00:12]} 41. Kg4 {[%emt 0:30:10]} b4 {[%emt 0:30:30]} 42. Kf5 {[%emt 0:00:37]} a4 {[%emt 0:00:16]} 43. Kf6 {[%emt 0:00:44]} 1-0

[Event "FRA-chT Top 12 2019"]
[Site "Brest"]
[Date "2019.05.24"]
[Round "7.4"]
[White "Sokolov, Andrei"]
[Black "Gozzoli, Yannick"]
[Result "1/2-1/2"]
[WhiteElo "2496"]
[BlackElo "2622"]
[Annotator "TA"]
[PlyCount "28"]
[EventDate "2019.05.18"]
[EventType "team-tourn"]
[EventCountry "FRA"]
[SourceTitle "playchess.com"]
[Source "ChessBase"]
[SourceQuality "1"]

{[%evp 26,28,17,0,79]} 1. e4 e5 2. Nf3 Nc6 3. Bb5 a6 4. Ba4 Nf6 5. O-O Be7 6. Re1 b5 7. Bb3 d6 8. c3 O-O 9. h3 Bb7 10. d4 Re8 11. Ng5 Rf8 12. Nf3 Re8 13. Ng5 $146 ({Predecessor:} 13. Nbd2 Bf8 14. a3 g6 15. Ba2 Bg7 16. b4 exd4 17. cxd4 a5 18. Rb1 axb4 19. d5 Ne5 20. Nxe5 dxe5 21. Rxb4 c6 22. dxc6 Bxc6 23. Qf3 Bf8 24. Rb1 {1-0 (33) Topalov,V (2740)-Mamedyarov,S (2790) Shamkir 2019}) 13... Rf8 14. Nf3 Bc8 {C92: Closed Ruy Lopez: 9...Be6, Karpov and Flohr-Zaitsev Variations} (14... Re8 $11 {keeps the balance.}) 1/2-1/2

[Event "FRA-chT Top 12 2019"]
[Site "Brest"]
[Date "2019.05.24"]
[Round "7.4"]
[White "Bailet, Pierre"]
[Black "Godart, Francois"]
[Result "1/2-1/2"]
[WhiteElo "2466"]
[BlackElo "2419"]
[Annotator "RC"]
[PlyCount "47"]
[EventDate "2019.05.18"]
[EventType "team-tourn"]
[EventCountry "FRA"]
[SourceTitle "playchess.com"]
[Source "ChessBase"]
[SourceQuality "1"]
[TimeControl "40/5400+30:1800+30"]

1. Nf3 {[%emt 0:00:00]} d5 {[%emt 0:00:04]} 2. g3 {[%emt 0:00:00]} Nf6 {[%emt 0:02:33]} 3. Bg2 {[%emt 0:00:09]} g6 {[%emt 0:05:31]} 4. c4 {[%emt 0:03:43]} c6 {[%emt 0:00:44]} 5. b3 {[%emt 0:01:09]} Bg7 {[%emt 0:01:02]} 6. Bb2 {[%emt 0:00:25]} O-O {[%emt 0:03:11]} 7. O-O {[%emt 0:00:34]} Bg4 {[%emt 0:04:06]} 8. d3 {[%emt 0:06:22]} Nbd7 {[%emt 0:09:05]} 9. Nbd2 {[%emt 0:02:34]} Re8 {[%emt 0:01:39]} 10. Ne5 {[%emt 0:08:05]} Nxe5 {[%emt 0:00:49]} 11. Bxe5 {[%emt 0:00:07]} Qd7 {[%emt 0:01:17]} 12. Rc1 {[%emt 0:05:46]} Qe6 {[%emt 0:10:27]} 13. d4 {[%emt 0:13:25]} Nd7 {[%emt 0:11:16]} 14. cxd5 {[%emt 0:08:28]} cxd5 {[%emt 0:00:06]} 15. Nf3 {[%emt 0:07:09]} Bxf3 {[%emt 0:11:25]} 16. Bxf3 {[%emt 0:00:25]} Nxe5 {[%emt 0:02:56]} 17. dxe5 {[%emt 0:00:09]} Rad8 {[%emt 0:01:43]} 18. Rc5 {[%emt 0:01:52]} Bxe5 {[%emt 0:01:31]} 19. Rxd5 {[%emt 0:01:32]} Rxd5 {[%emt 0:00:33]} 20. Bxd5 {[%emt 0:02:11]} Qb6 {[%emt 0:01:00]} 21. e3 {[%emt 0:02:56]} e6 {[%emt 0:01:09]} 22. Bc4 {[%emt 0:01:00]} Rd8 {[%emt 0:01:03]} 23. Qf3 {[%emt 0:01:08]} Qc7 {[%emt 0:01:25]} 24. Rd1 {[%emt 0:00:22]} 1/2-1/2

[Event "FRA-chT Top 12 2019"]
[Site "Brest"]
[Date "2019.05.24"]
[Round "7.4"]
[White "Kosten, Anthony C."]
[Black "Fedorchuk, Sergey A."]
[Result "0-1"]
[WhiteElo "2419"]
[BlackElo "2620"]
[Annotator "TA"]
[PlyCount "134"]
[EventDate "2019.05.18"]
[EventType "team-tourn"]
[EventCountry "FRA"]
[SourceTitle "playchess.com"]
[Source "ChessBase"]
[SourceQuality "1"]

{[%evp 11,134,20,41,37,38,30,34,46,67,44,59,50,99,38,38,35,39,22,17,14,13,21,24,-13,-35,-36,-34,-25,-11,-8,0,0,0,-2,-2,-6,-4,-64,-43,-66,-58,-88,-43,-41,-41,-39,-7,-7,-6,-8,-8,-38,-3,-7,-12,-33,0,0,0,-20,0,0,0,0,0,0,0,0,0,0,0,0,0,0,0,-2,-4,-22,-22,-18,-20,-28,-7,-10,-4,-8,-7,-8,-1,-30,0,-17,-32,-22,-8,-8,-10,-135,0,-13,-4,-29,-19,-22,0,0,0,0,0,0,0,0,0,-190,-144,-107,-117,-143,-144,-144,-144,-6800,-6800,-5377,-5052]} 1. Nf3 Nf6 2. c4 e6 3. g3 a6 4. Bg2 b5 5. b3 Bb7 6. Nc3 b4 7. Na4 {A13: English Opening: 1...e6} c5 8. O-O (8. d4 cxd4 9. Qxd4 Nc6 10. Qb6 Qxb6 11. Nxb6 Rd8 12. O-O Ne4 13. Bb2 f6 14. Rad1 Nc5 {1-0 (43) Mareco,S (2655)-Flores,D (2568) Buenos Aires 2017}) 8... Be7 9. d4 {White is slightly better.} cxd4 10. Qxd4 O-O 11. Rd1 Bc6 $146 ({Predecessor:} 11... Nc6 12. Qb6 Qc8 13. Ne5 Bd8 14. Nxc6 Bxc6 15. Qxb4 Bxg2 16. Kxg2 {½-½ (40) Seeman,T (2420)-Dzhumagaliev,Y (2400) Tallinn 2016}) 12. Ne5 (12. Nb6 $16) 12... Bxg2 $14 13. Kxg2 d6 14. Nb6 Qe8 $1 15. Nf3 ({Of course not} 15. Nxa8 dxe5 16. Qxe5 Nc6 $15) 15... Nc6 {[%cal Bb8c6,Bc6d4,Bd4b5,Bb5c3][%mdl 32]} 16. Qd3 {aiming for c5.} Rb8 17. c5 dxc5 18. Qxa6 {[#]} Nd4 $1 {[%mdl 512]} 19. Na4 $1 (19. Nxd4 cxd4) 19... Nb5 20. Ne5 $1 Ra8 $36 {[%mdl 2048] Black fights for an advantage.} 21. Qc6 $1 Nd5 22. Bb2 Bf6 {Threatening ...Nbc3.} 23. Qxe8 Rfxe8 24. Rdc1 {[#]} ({White should try} 24. Rac1 $11) 24... Nbc3 $1 $15 {[%mdl 512]} 25. Nd7 (25. Nxc3 bxc3) 25... Nxa4 26. Nxf6+ Nxf6 27. bxa4 Nd7 28. a3 $1 b3 {White must now prevent ...Nb6.} 29. Rc3 $1 Reb8 {With the idea ...Kf8.} 30. Rd1 Rb7 {Strongly threatening ...Kf8.} 31. Rdd3 (31. Rcd3 $5 {[%cal Rd3d7]} Raa7 32. a5 $11) 31... Rba7 32. Rd6 Rb8 33. Rdd3 Rba8 34. Rd6 Rb8 35. Rdd3 Rab7 36. a5 Kf8 37. a6 Ra7 38. Rxb3 Rxb3 39. Rxb3 Rxa6 $11 {[%mdl 4096] Endgame KRB-KRN} 40. Rd3 Ra7 41. Rd6 Rb7 42. Bc1 Rc7 43. a4 Ke7 44. Rd2 Ra7 45. Ra2 $1 Kd6 46. a5 Kc6 47. Bd2 Nb8 48. Kf3 Rb7 49. g4 Na6 50. h4 Nb4 51. Ra4 Kb5 52. Ra1 Ra7 53. Bc3 g6 54. e4 (54. Ke4 $11) 54... Kc4 (54... Rxa5 $17 55. Rc1 Ra3) 55. Be5 Nc6 56. Rc1+ Kb5 57. Bc3 Nxa5 58. Ra1 Nc6 {...Rxa1 is the strong threat.} (58... e5 {seems wilder.} 59. Bxe5 c4 60. Rb1+ Kc5 61. Rd1 Kb4) 59. Rxa7 Nxa7 {KB-KN} 60. Kf4 $1 Kc4 61. Ba1 Kd3 {And now ...c4 would win.} 62. Ke5 $2 {[#]} (62. h5 $1 $11 {and White is okay.}) 62... Nc6+ $1 $19 ({Don't do} 62... c4 63. Kf6 $15) 63. Kf6 Kxe4 64. Kxf7 Ne5+ 65. Kg7 Nxg4 {[#]} 66. Kxh7 $2 {[%mdl 8192]} (66. f3+ $1 $17 {[%mdl 512]} Kxf3 67. Kxh7) 66... Kf5 67. f3 Nh2 {Accuracy: White = 65%, Black = 63%.} 0-1

[Event "FRA-chT Top 12 2019"]
[Site "Brest"]
[Date "2019.05.24"]
[Round "7.4"]
[White "Payen, Arnaud"]
[Black "Hamdouchi, Hicham"]
[Result "1/2-1/2"]
[WhiteElo "2358"]
[BlackElo "2584"]
[Annotator "TA"]
[PlyCount "31"]
[EventDate "2019.05.18"]
[EventType "team-tourn"]
[EventCountry "FRA"]
[SourceTitle "playchess.com"]
[Source "ChessBase"]
[SourceQuality "1"]

{[%evp 22,31,52,34,51,25,60,64,58,64,50,36]} 1. d4 Nf6 2. c4 g6 3. g3 Bg7 4. Bg2 O-O 5. Nf3 d6 6. O-O Nbd7 7. Nc3 e5 8. e4 a6 9. Re1 Rb8 10. h3 exd4 11. Nxd4 Re8 12. Rb1 h6 {E68: King's Indian: Fianchetto: 6...Nbd7 7 0-0 e5 8 e4} (12... Nc5 13. b3 Bd7 14. b4 Ne6 15. Be3 Nxd4 16. Bxd4 Be6 17. Nd5 c6 18. Nxf6+ Bxf6 19. Rc1 Bxd4 20. Qxd4 {0-1 (39) Andersson,U (2530)-Edouard,R (2636) Germany 2018}) 13. Be3 Nc5 {[%cal Rf6e4]} 14. Qc2 {White is slightly better.} Bd7 15. b4 $146 ({Predecessor:} 15. Kh2 b5 16. b4 Ne6 17. Nxe6 Bxe6 18. c5 Nd7 19. Rbd1 dxc5 20. bxc5 {½-½ (57) Izeta Txabarri,F (2460)-Gonzalez Garcia,J (2420) Santa Clara 1994}) 15... Ne6 16. Nxe6 1/2-1/2